000 00728nam a22002537a 4500
008 130630b xxu||||| |||| 00| 0 eng d
020 _a81-219-0667-9
024 _cAvailable
037 _cAvailable
040 _aMBSTU LIBRARY
_dMBSTU LIBRARY
082 _222
_a523.018 TEE
100 _aTewari, K.K.
245 _aElectricity and magnetism.
250 _aRev.ed.
260 _aNew Delhi
_bS. Chand and Company.
_c2011
300 _a24 cm.
_bviii, 644 page
_f10
_g24 cm.
600 _2Electricity and magnetism.
650 _2Electricity and magnetism.
700 _aTewari, K.K.
270 _aNew Delhi
_bNew Delhi
_dIndia
365 _b442.00
_d442.00
942 _2ddc
_cBK
999 _c546
_d546